COMPUTER NETWORKS AND INTERNET (Record no. 24316)

MARC details
000 -LEADER
fixed length control field 00239nam a22001217a 4500
003 - CONTROL NUMBER IDENTIFIER
control field SGT
082 ## - DEWEY DECIMAL CLASSIFICATION NUMBER
Classification number 004.6
Item number COM
100 ## - MAIN ENTRY--PERSONAL NAME
Personal name COMBER,ED
245 ## - TITLE STATEMENT
Title COMPUTER NETWORKS AND INTERNET
250 ## - EDITION STATEMENT
Edition statement 4TH
260 ## - PUBLICATION, DISTRIBUTION, ETC. (IMPRINT)
Place of publication, distribution, etc PEARSON
942 ## - ADDED ENTRY ELEMENTS (KOHA)
Source of classification or shelving scheme Dewey Decimal Classification
Koha item type CDs & DVDs
Holdings
Withdrawn status Lost status Source of classification or shelving scheme Damaged status Not for loan Home library Current library Date acquired SGTU Bill Number Total Checkouts Full call number Accession No. (Barcode) Date last seen Bill Date Koha item type
    Dewey Decimal Classification     SGT Science & Social Sciences Library SGT Science & Social Sciences Library 19/07/2023 SGTU 8777   004.6 COM ACD21 19/07/2023 19/07/2023 CDs & DVDs
    Dewey Decimal Classification     SGT Science & Social Sciences Library SGT Science & Social Sciences Library 19/07/2023 SGTU 8777   004.6 COM ACD22 19/07/2023 19/07/2023 CDs & DVDs